Pollution can make us sick! / (Record no. 141655)

MARC details
000 -LEADER
fixed length control field 00678nam a22001817a 4500
010 ## - LCCN (DPL NO)
LC control number 1718CH-EN
020 ## - INTERNATIONAL STANDARD BOOK NUMBER
International Standard Book Number 9788190960694
Terms of availability 450.00
035 ## - SYSTEM CONTROL NUMBER
System control number B-679937-946
037 ## - SOURCE OF ACQUISITION
Stock number DPL
Source of stock number/acquisition Kids Knowledge Bank
082 ## - DEWEY DECIMAL CLASSIFICATION NUMBER
Classification number 363.73
100 ## - MAIN ENTRY--PERSONAL NAME
Personal name Tiwari Reema
245 ## - TITLE STATEMENT
Title Pollution can make us sick! /
260 ## - PUBLICATION, DISTRIBUTION, ETC. (IMPRINT)
Place of publication, distribution, etc Delhi
Name of publisher, distributor, etc Kids Knowledge
Date of publication, distribution, etc 2017
270 ## - ADDRESS
Address 7/20, 60 Feet Road, Yudhishtra Gali,
City Delhi
Postal code 110032
300 ## - PHYSICAL DESCRIPTION
Extent 56p.
Dimensions 25cm(Hb)
942 ## - ADDED ENTRY ELEMENTS (KOHA)
Source of classification or shelving scheme Dewey Decimal Classification
Item type Children Books
Call number suffix POL
Classification part 363.73
Holdings
Withdrawn status Lost status Not for loan Collection code Home library Current library Date acquired Cost, normal purchase price Full call number Barcode Copy number Cost, replacement price Koha item type
      Non-fiction Bagh Kadhe Khan Bagh Kadhe Khan 27/09/2017 450.00 363.73 POL B-679940 1 450.00 Children Books
      Non-fiction Bawana Bawana 27/09/2017 450.00 363.73 POL B-679942 1 450.00 Children Books
      Non-fiction Central Library Central Library 27/09/2017 450.00 363.73 POL B-679937 1 450.00 Children Books
      Non-fiction Narela Narela 27/09/2017 450.00 363.73 POL B-679941 1 450.00 Children Books
      Non-fiction New Rohtak Road New Rohtak Road 27/09/2017 450.00 363.73 POL B-679939 1 450.00 Children Books
      Non-fiction R.C.Libraries (BL-III) R.C.Libraries (BL-III) 27/09/2017 450.00 363.73 POL B-679943 4 450.00 Children Books
      Non-fiction R.C.Libraries (BL-III) R.C.Libraries (BL-III) 27/09/2017 450.00 363.73 POL B-679944 4 450.00 Children Books
      Non-fiction R.C.Libraries (BL-III) R.C.Libraries (BL-III) 27/09/2017 450.00 363.73 POL B-679945 4 450.00 Children Books
      Non-fiction R.C.Libraries (BL-III) R.C.Libraries (BL-III) 27/09/2017 450.00 363.73 POL B-679946 4 450.00 Children Books
      Non-fiction Sarojini Nagar Sarojini Nagar 27/09/2017 450.00 363.73 POL B-679938 1 450.00 Children Books

© Delhi Public Library
Hit Counter
free hit counter